000 01075nam a2200229Ia 4500
005 20240503162620.0
008 210122b ###||||| |||| 00| 0 spa d
020 _a978-84-96449-55-8
040 _aBIBLIOTECA MUNICIPAL DE BARRANCO
_cBIBLIOTECA MUNICIPAL DE BARRANCO
082 _a709.01
_bS55 2007
100 _aSiliotti Alberto
245 0 _aLos tesoros ocultos de la antiguedad /
_c Siliotti, Alberto
260 _aBarcelona:
_bReditar Libros,
_c2007.
300 _a 430 p. :
_bil. col. ;
_c37 cm.
500 _aContiene glosario, índice, biografías, notas bibliográficas y referencias fotográficas
520 _aReúne y describe las más extraordinarias creaciones artísticas de los pueblos, narrando los descubrimientos, de las civilizaciones desaparecidas, a la búsqueda de su sentido de la vida y de sus diferentes relaciones con el más allá
650 0 _93503
_aARTE ANTIGUO
650 0 _93504
_aCIVILIZACION ANTIGUA
700 _93505
_aAlbanese, Marilia... [y otros]
942 _cBK
_2ddc
_zAAOH
_e2024-05-03
999 _c5451
_d5451